MARC details
| 000 -CABECERA |
| campo de control de longitud fija |
01778cam a2200253 a 4500 |
| 001 - NÚMERO DE CONTROL |
| campo de control |
1683271 |
| 003 - IDENTIFICADOR DEL NÚMERO DE CONTROL |
| campo de control |
CaAEU |
| 005 - FECHA Y HORA DE LA ÚLTIMA TRANSACCIÓN |
| campo de control |
20250321173823.0 |
| 008 - DATOS DE LONGITUD FIJA--INFORMACIÓN GENERAL |
| campo de control de longitud fija |
950323s1994 enka b 001 0 eng u |
| 010 ## - NÚMERO DE CONTROL DE LA BIBLIOTECA DEL CONGRESO |
| Número de control de LC |
93030539 |
| 020 ## - NÚMERO INTERNACIONAL ESTÁNDAR DEL LIBRO |
| Número Internacional Estándar del Libro |
9780198289876 |
| 035 ## - NÚMERO DE CONTROL DEL SISTEMA |
| Número de control de sistema |
ocm28710857 |
| 040 ## - FUENTE DE LA CATALOGACIÓN |
| Centro catalogador/agencia de origen |
DLC |
| Lengua de catalogación |
eng |
| Centro/agencia transcriptor |
DLC |
| Centro/agencia modificador |
DLC |
| -- |
AEU |
| 041 ## - CÓDIGO DE LENGUA |
| Código de lengua del texto/banda sonora o título independiente |
eng |
| 050 00 - SIGNATURA TOPOGRÁFICA DE LA BIBLIOTECA DEL CONGRESO |
| Número de clasificación |
HD2741 |
| Número de documento/Ítem |
.C457 1994 |
| 100 ## - ENTRADA PRINCIPAL--NOMBRE DE PERSONA |
| Nombre de persona |
Charkham, Jonathan P. |
| 9 (RLIN) |
24981 |
| Término indicativo de función/relación |
author |
| 245 10 - MENCIÓN DE TÍTULO |
| Título |
Keeping good company |
| Resto del título |
: a study of corporate governance in five countries |
| Mención de responsabilidad, etc. |
/ Jonathan P. Charkham. |
| 260 ## - PUBLICACIÓN, DISTRIBUCIÓN, ETC. |
| Lugar de publicación, distribución, etc. |
Oxford : |
| Nombre del editor, distribuidor, etc. |
Clarendon Press ; |
| Lugar de publicación, distribución, etc. |
New York, NY : |
| Nombre del editor, distribuidor, etc. |
Oxford University Press, |
| Fecha de publicación, distribución, etc. |
1994. |
| 300 ## - DESCRIPCIÓN FÍSICA |
| Extensión |
xvii, 389 pages : |
| Otras características físicas |
illustrations ; |
| Dimensiones |
24 cm. |
| 504 ## - NOTA DE BIBLIOGRAFÍA, ETC. |
| Nota de bibliografía, etc. |
Includes bibliographical references (p. [374]-379) and index. |
| 520 ## - SUMARIO, ETC. |
| Sumario, etc. |
Corporate governance, the role played by the board of directors, has changed dramatically in recent years, as boards become more assertive in their watchdog function. In Keeping Good Company, Jonathan Charkham--whom The Financial Times of London recently dubbed "Mr. Corporate Governance"--provides an insightful comparative study of corporate governance in five major industrial powers: Japan, Germany, France, the United Kingdom, and the United States. Charkham points out that the best systems seem to be collegial in style, and that contrary to the saying that the best committees are committees of one, group management is actually the most efficient way of running a large and complex operation. This book brilliantly demonstrates that a sound framework for the exercise of corporate power is an economic necessity. It will be essential reading for all top executives, especially those working for multinational corporations. |
| 650 #0 - PUNTO DE ACCESO ADICIONAL DE MATERIA--TÉRMINO DE MATERIA |
| Término de materia o nombre geográfico como elemento de entrada |
Corporate governance |
| Subdivisión de forma |
Case studies |
| 9 (RLIN) |
7704 |
| 942 ## - ELEMENTOS DE ENTRADA AGREGADA (KOHA) |
| Fuente del sistema de clasificación o colocación |
Clasificación de Library of Congress |